Effective academic writing / (Record no. 21171)
[ view plain ]
| 000 -LEADER | |
|---|---|
| fixed length control field | 01425cam a22003855a 4500 |
| 001 - CONTROL NUMBER | |
| control field | 14488273 |
| 003 - CONTROL NUMBER IDENTIFIER | |
| control field | EG-ScBUE |
| 005 - DATE AND TIME OF LATEST TRANSACTION | |
| control field | 20201102111602.0 |
| 008 - FIXED-LENGTH DATA ELEMENTS--GENERAL INFORMATION | |
| fixed length control field | 060809t2012 nyua f d 000 0 eng d |
| 020 ## - INTERNATIONAL STANDARD BOOK NUMBER | |
| International Standard Book Number | 9780194323482 (Volume 3) |
| 020 ## - INTERNATIONAL STANDARD BOOK NUMBER | |
| International Standard Book Number | 9780194323475 (Volume 2) |
| 035 ## - SYSTEM CONTROL NUMBER | |
| System control number | (OCoLC)ocm71126659 |
| 040 ## - CATALOGING SOURCE | |
| Original cataloging agency | DLC |
| Language of cataloging | eng |
| Description conventions | rda |
| Transcribing agency | DLC |
| Modifying agency | EG-ScBUE |
| -- | EG-ScBUE |
| 082 04 - DEWEY DECIMAL CLASSIFICATION NUMBER | |
| Classification number | 808.042 |
| Item number | SAV |
| Edition number | 22 |
| 100 1# - MAIN ENTRY--PERSONAL NAME | |
| Personal name | Savage, Alice, |
| Dates associated with a name | 1962- |
| Relator term | author. |
| 9 (RLIN) | 39372 |
| 245 10 - TITLE STATEMENT | |
| Title | Effective academic writing / |
| Statement of responsibility, etc | Alice Savage, Patricia Mayer. |
| 250 ## - EDITION STATEMENT | |
| Edition statement | Second edition. |
| 264 #1 - PUBLICATION, DISTRIBUTION, ETC. (IMPRINT) | |
| Place of publication, distribution, etc | New York, NY ; |
| -- | Oxford, UK : |
| Name of publisher, distributor, etc | Oxford University Press, |
| Date of publication, distribution, etc | [2012] |
| 264 #4 - PUBLICATION, DISTRIBUTION, ETC. (IMPRINT) | |
| Date of publication, distribution, etc | c2012 |
| 300 ## - PHYSICAL DESCRIPTION | |
| Extent | 2 volumes : |
| Other physical details | illustrations ; |
| Dimensions | 28 cm |
| 336 ## - CONTENT TYPE | |
| Source | rdacontent |
| Content type term | text |
| Content type code | txt |
| 337 ## - MEDIA TYPE | |
| Source | rdamedia |
| Media type term | unmediated |
| Media type code | n |
| 338 ## - CARRIER TYPE | |
| Source | rdacarrier |
| Carrier type term | volume |
| Carrier type code | nc |
| 500 ## - GENERAL NOTE | |
| General note | Includes appendices. |
| 500 ## - GENERAL NOTE | |
| General note | Includes glossary. |
| 505 0# - FORMATTED CONTENTS NOTE | |
| Formatted contents note | Volume 2. The short essay -- Volume 3. The researched essay. |
| 650 #7 - SUBJECT ADDED ENTRY--TOPICAL TERM | |
| Topical term or geographic name as entry element | English language |
| General subdivision | Rhetoric |
| Form subdivision | Problems, exercises, etc. |
| Source of heading or term | BUEsh |
| 9 (RLIN) | 10260 |
| 650 #7 - SUBJECT ADDED ENTRY--TOPICAL TERM | |
| Topical term or geographic name as entry element | English language |
| General subdivision | Paragraphs |
| Form subdivision | Problems, exercises, etc. |
| Source of heading or term | BUEsh |
| 9 (RLIN) | 34104 |
| 653 ## - INDEX TERM--UNCONTROLLED | |
| Arrived date list | February2016 |
| Resource For college | Humanities: English |
| 653 ## - INDEX TERM--UNCONTROLLED | |
| Resource For college | Humanities: English |
| Arrived date list | September2016 |
| 655 ## - INDEX TERM--GENRE/FORM | |
| Form subdivision | Reading book |
| 9 (RLIN) | 34232 |
| 700 1# - ADDED ENTRY--PERSONAL NAME | |
| Personal name | Mayer, Patricia, |
| Dates associated with a name | 1968- |
| Relator term | author. |
| 9 (RLIN) | 38590 |
| 856 41 - ELECTRONIC LOCATION AND ACCESS | |
| Uniform Resource Identifier | <a href="www.effectiveacademicwriting.com">www.effectiveacademicwriting.com</a> |
| Link text | Student online access |
| 942 ## - ADDED ENTRY ELEMENTS (KOHA) | |
| Source of classification or shelving scheme | Dewey Decimal Classification |
| Edition | 22 |
| Call number prefix | 808.042 LIS |
| Koha item type | Book - Borrowing |
| Withdrawn status | Lost status | Source of classification or shelving scheme | Damaged status | Not for loan | Collection code | Home library | Current library | Shelving location | Date acquired | Source of acquisition | Cost, normal purchase price | Serial Enumeration / chronology | Total Checkouts | Total Renewals | Full call number | Barcode | Date last seen | Date checked out | Cost, replacement price | Price effective from | Koha item type | Public note |
|---|---|---|---|---|---|---|---|---|---|---|---|---|---|---|---|---|---|---|---|---|---|---|
| Dewey Decimal Classification | Baccah | Central Library | Central Library | Second Floor | 16/02/2016 | Purchase | 150.00 | 13707 | 2 | 18 | 808.042076 SAV | 000031587 | 24/08/2022 | 16/10/2016 | 187.50 | 16/02/2016 | Book - Borrowing | Volume 2 | ||||
| Dewey Decimal Classification | Baccah | Central Library | Central Library | Second Floor | 16/02/2016 | Purchase | 150.00 | 13707 | 1 | 1 | 808.042076 LIS | 000031588 | 15/07/2025 | 17/02/2016 | 187.50 | 16/02/2016 | Book - Borrowing | Volume 3 | ||||
| Dewey Decimal Classification | Baccah | Central Library | Central Library | Second Floor | 19/09/2016 | Purchase | 793.00 | 26103 | 2 | 8 | 808.042076 LIS | 000033480 | 11/06/2024 | 27/03/2017 | 991.00 | Book - Borrowing | Volume 3 | |||||
| Dewey Decimal Classification | Baccah | Central Library | Central Library | Second Floor | 25/09/2016 | Purchase | 808.042076 LIS | 000033640 | 12/02/2024 | Book - Borrowing | Volume 3 |